Minecraft arthropods - Statistics

General Stats
  • This quiz has been taken 54 times
  • The average score is 4 of 5
Answer Stats
Hint Answer % Correct
Overworld Spider
98%
Overworld Cave Spider
91%
Overworld Silverfish
84%
Summoned Endermite
77%
Overworld Bee
58%
No matching quizzes found
Score Distribution
Percent of People with Each Score
Percentile by Number Answered
Your Score History
You have not taken this quiz